00485nam a2200145Ia 4500008004100000024001400041082001700055100001600072245004000088260002500128600002100153650003800174952011000212999001700322250506s9999 xx 000 0 und d a11B-52-BS a005.1072 ARE aAreeba Khan 0aCargo Managemnet System (code book) aKarachi:bUIT,c2011 aComputer Science aBachelor of Computer Science (BS) 001040708PR-CSaUITUbUITUd2022-07-26l0o005.1072 AREpBS-428-Ar2025-05-06 11:34:25w2025-05-06yPR c28413d28413